Usa (Record no. 147607)

MARC details
000 -LEADER
campo de control de longitud fija 00906nam a2200253 i 4500
001 - NÚMERO DE CONTROL
campo de control 147607
003 - IDENTIFICADOR DE NÚMERO DE CONTROL
campo de control ES-MaACL
005 - FECHA Y HORA DE LA ÚLTIMA TRANSACCIÓN
campo de control 20250830232243.0
007 - CAMPO FIJO DE DESCRIPCIÓN FÍSICA--INFORMACIÓN GENERAL
campo de control de longitud fija t|
008 - DATOS DE LONGITUD FIJA--INFORMACIÓN GENERAL
campo de control de longitud fija 071004s1975 sp |||| | spa d
080 ## - NÚMERO DE LA CLASIFICACIÓN DECIMAL UNIVERSAL
Número de la Clasificación Decimal Universal 959.7"1964/75"
080 ## - NÚMERO DE LA CLASIFICACIÓN DECIMAL UNIVERSAL
Número de la Clasificación Decimal Universal 327(73)
245 00 - MENCIÓN DEL TÍTULO
Título Usa
Resto del título : después de Vietnam /
Mención de responsabilidad, etc. textos de Sheldon S. Wolin, Gary Wills, Gore Vidal ... [et al.] ; [traducción, José María Álvarez].
260 ## - PUBLICACIÓN, DISTRIBUCIÓN, ETC.
Lugar de publicación, distribución, etc. Barcelona :
Nombre del editor, distribuidor, etc. Anagrama,
Fecha de publicación, distribución, etc. [1975]
300 ## - DESCRIPCIÓN FÍSICA
Extensión 73 p. ;
Dimensiones 18 cm.
490 1# - MENCIÓN DE SERIE
Mención de serie Cuadernos Anagrama ;
Designación de volumen o secuencia 105.
Mención de serie Serie Documentos
650 14 - PUNTO DE ACCESO ADICIONAL DE MATERIA--TÉRMINO DE MATERIA
Término de materia o nombre geográfico como elemento de entrada Guerra del Vietnam, 1961-1975.
9 (RLIN) 13204
651 #4 - PUNTO DE ACCESO ADICIONAL DE MATERIA--NOMBRE GEOGRÁFICO
Nombre geográfico Estados Unidos-
Subdivisión general Política exterior-
Subdivisión cronológica S.XX
9 (RLIN) 8551
700 1# - ENTRADA AGREGADA--NOMBRE PERSONAL
Nombre de persona Wolin, Sheldon S.
9 (RLIN) 117280
700 0# - ENTRADA AGREGADA--NOMBRE PERSONAL
Nombre de persona Alvarez, José María,
Fechas asociadas al nombre 1942-
9 (RLIN) 20651
830 0# - PUNTO DE ACCESO ADICIONAL DE SERIE-TÍTULO UNIFORME
Título uniforme Cuadernos Anagrama ;
Designación de volumen o secuencia 105.
Título uniforme Serie Documentos
9 (RLIN) 185119
852 ## - LOCALIZACIÓN
Ubicación ES-MaACL
Número de control de estantería A-7914
Holdings
Estatus retirado Estado de pérdida Estado de daño No para préstamo Biblioteca de origen Biblioteca actual Ubicación en estantería Fecha de adquisición Fuente de adquisición Total de préstamos Signatura topográfica completa Código de barras Visto por última vez Precio de reemplazo Tipo de ítem Koha
        Biblioteca del Ateneo de Madrid Biblioteca del Ateneo de Madrid Sala Pecera Planta 1 17/01/2008     A-7914 1154043 23/02/2023 23/02/2023 Libro impreso